000 01320nam a2200325 i 4500
003 EG-GICUC
005 20260121101249.0
008 251119s1992 ua ||||fr|||| 001 0 ara d
017 _a1992/8439
020 _a9770131563
040 _a EG-GICUC
_bara
_c EG-GICUC
_d EG-GICUC
_erda
041 _aara
082 0 4 _a343.411
_bم ص . ج
_221
092 0 4 _221
099 _aLaw1 10 343.411 م ص . ج 1992 1006153
100 0 _aمصطفى منير.
_eمؤلف.
245 1 0 _aجرائم إساءة استعمال السلطة الاقتصادية :
_bالاحتكار، الرفع التعسفي للأسعار، المضاربة، إساءة استخدام المركز الاحتكاري في السوق /
_cد. مصطفى منير.
264 1 _aالقاهرة :
_bالهيئة المصرية العامة للكتاب،
_c1992.
300 _a494 صفحة ؛
_c24 سم.
336 _2rda content
_atext
337 _2rda media
_aComputer
338 _2rda carrier
_aOnline Resource
504 _aيشتمل على ارجاعات ببليوجرافية.
546 _aالنص باللغة العربية
650 1 _aقانون العقوبات الإقتصادي.
_2qrmak
651 1 _2qrmak
856 4 0 _uhttps://fll.law.cu.edu.eg/fulltext/bks/B10-06153.pdf
905 _a18
942 _2ddc
_n0
_cBK
_e21
999 _c44861
_d44861